00321nam a2200121Ia 4500008004100000100002200041245003300063260004100096300000800137650002900145942000800174999001700182190216s9999||||xx |||||||||||||| ||und|| aFranklin W Steahl 4aThe Mechanics Of Inheritance bPrentice Hall Of India Pvt Ltdc1968 a53p aMechanics Of Inheritance cREF c35159d35159